Library Banner

Introduction to Islam/ (Record no. 100883)

MARC details
000 -LEADER
fixed length control field 00436nam a22001457a 4500
005 - DATE AND TIME OF LATEST TRANSACTION
control field 20171219133314.0
008 - FIXED-LENGTH DATA ELEMENTS--GENERAL INFORMATION
fixed length control field 171219b xxu||||| |||| 00| 0 eng d
040 ## - CATALOGING SOURCE
Transcribing agency PK-LaUMT
082 ## - DEWEY DECIMAL CLASSIFICATION NUMBER
Classification number PKAC 297
Item number HAM-I
100 ## - MAIN ENTRY--PERSONAL NAME
Personal name Hamidullah , Muhammad
245 ## - TITLE STATEMENT
Title Introduction to Islam/
Statement of responsibility, etc Muhammad Hamidullah
260 ## - PUBLICATION, DISTRIBUTION, ETC. (IMPRINT)
Place of publication, distribution, etc Salimiah: Kuwait
Name of publisher, distributor, etc International Islamic federation of student organization,
Date of publication, distribution, etc 1977
300 ## - PHYSICAL DESCRIPTION
Extent 259 p.
942 ## - ADDED ENTRY ELEMENTS (KOHA)
Koha item type Books
Holdings
Withdrawn status Lost status Damaged status Home library Current library Date acquired Full call number Barcode Date last seen Price effective from Koha item type
      UMT Main Campus UMT Main Campus 2017-12-19 PKAC 297 HAM-I 116693 2017-12-19 2017-12-19 Books